Name all twd main characters - Statistics

General Stats
  • This quiz has been taken 313 times
  • The average score is 32 of 56
Answer Stats
Answer % Correct
Rick
100%
Carl
97%
Daryl
95%
Carol
93%
Negan
92%
Maggie
90%
Glenn
89%
Shane
88%
Hershel
86%
MIchonne
86%
Abraham
84%
Beth
83%
Lori
83%
Rosita
79%
Andrea
78%
Eugene
78%
Judith
77%
Merle
72%
Sasha
72%
Dale
71%
T-dog
69%
Aaron
67%
Ezekiel
67%
Alpha
65%
Beta
64%
Tara
63%
Tyreese
61%
Governor
60%
Morgan
59%
Gabriel
58%
Simon
58%
Dwight
57%
Enid
57%
Bob
53%
Jesus
50%
Yumiko
42%
Jerry
41%
Henry
40%
Lydia
40%
Connie
38%
Magna
36%
Princess
35%
Deanna
32%
Spencer
30%
Mercer
29%
Kelly
27%
Alden
26%
Gregory
26%
Gareth
25%
Jessie
25%
Siddiq
24%
Pamela
20%
Jadis
18%
Leah
18%
Lance
13%
Stephanie
12%
No matching quizzes found
Score Distribution
Percent of People with Each Score
Percentile by Number Answered
Your Score History
You have not taken this quiz